00393nam a2200121Ia 4500008004100000100002000041245014200061260000900203300001300212504001100225650001500236773002000251181130s2018 xx 000 0 und d aDas, Asit Kumar aPrevention of plagiarism and promotion of academic integrity in higher education institutions in India:ba review of UGC draft regulation c2018 ap.11-19. d28-May aPlagiarism aUniversity News